Online
Catalog

Los trabajos y los días / (Record no. 17093)

MARC details
000 -CABECERA
campo de control de longitud fija 00843cam a2200253 a 4500
001 - NÚMERO DE CONTROL
campo de control 000017568
003 - IDENTIFICADOR DEL NÚMERO DE CONTROL
campo de control UkOxU
005 - FECHA Y HORA DE LA ÚLTIMA TRANSACCIÓN
campo de control 20200929165144.0
008 - DATOS DE LONGITUD FIJA--INFORMACIÓN GENERAL
campo de control de longitud fija 860101s1964 sp b 000 0 spa d
035 ## - NÚMERO DE CONTROL DEL SISTEMA
Número de control de sistema OCLC ocm14124363 from D951023M
040 ## - FUENTE DE LA CATALOGACIÓN
Centro catalogador/agencia de origen DO-SdBNP
Lengua de catalogación spa
Centro/agencia transcriptor NOC
Centro/agencia modificador EQO
-- BNPHU
082 ## - NÚMERO DE LA CLASIFICACIÓN DECIMAL DEWEY
Número de clasificación 881.2
Número de documento/Ítem H584t
049 ## - FONDOS LOCALES (OCLC)
Fondos de biblioteca BNGR
100 0# - ENTRADA PRINCIPAL--NOMBRE DE PERSONA
Nombre de persona Hesiodo.
9 (RLIN) 38332
245 14 - MENCIÓN DE TÍTULO
Título Los trabajos y los días /
Mención de responsabilidad, etc. Hesíodo ; prólogo, traducción del griego y notas por Antonio González Laso.
260 ## - PUBLICACIÓN, DISTRIBUCIÓN, ETC.
Lugar de publicación, distribución, etc. Madrid :
Nombre del editor, distribuidor, etc. Aguilar,
Fecha de publicación, distribución, etc. 1964.
300 ## - DESCRIPCIÓN FÍSICA
Extensión 123 p. ;
Dimensiones 20 cm.
490 1# - MENCIÓN DE SERIE
Mención de serie Biblioteca de iniciación al humanismo.
650 #4 - PUNTO DE ACCESO ADICIONAL DE MATERIA--TÉRMINO DE MATERIA
Término de materia o nombre geográfico como elemento de entrada Poesía griega
9 (RLIN) 5285
650 #4 - PUNTO DE ACCESO ADICIONAL DE MATERIA--TÉRMINO DE MATERIA
Término de materia o nombre geográfico como elemento de entrada Literatura griega
9 (RLIN) 2386
700 1# - PUNTO DE ACCESO ADICIONAL--NOMBRE DE PERSONA
Nombre de persona González Laso, Antonio,
Término indicativo de función/relación pról.
9 (RLIN) 38333
830 #0 - PUNTO DE ACCESO ADICIONAL DE SERIE-TÍTULO UNIFORME
Título uniforme Biblioteca de iniciación al humanismo.
9 (RLIN) 38334
910 ## - DATOS DE OPCIÓN DEL USUARIO (OCLC)
Datos de opción del usuario Catalogación derivada
Holdings
Estado de retiro Estado de pérdida Restricciones de uso No para préstamo Código de colección Localización permanente Ubicación/localización actual Ubicación en estantería Fecha de adquisición Número de inventario Total de préstamos Signatura topográfica completa Código de barras Fecha visto por última vez Precio válido a partir de Tipo de ítem Koha
        Monografías: Libros y Folletos General General En catalogación 26.03.2010 LF1   881.2 H584t 17568-10 25.06.2020 25.06.2020 Préstamo en sala

Powered by Koha